1611 1559 1431 1525 1689 1771 1578 1989 1255 1098 1563 1286 1256 1759 1327 1595 1449 1444 1288 1061 1651 1135 1579 1926 1282 1724 1584 1793 1953 1426 1514 1217 1175 1843 1632 1440 1736 1513 1700 1149 1462 1828 1883 1886 1172 1115 1332 1650 1995 1971 1396 1910 1987 1447 1861 1668 1469 1367 1116 1187 1565 1975 1635 1405 1116 1256 1786 1645 1588 1458 1689 1771 1623 1510 1391 1028 2000 1853 1628 1264 1633 1258 1686 1190 1996 1723 1776 1842 1631 1138 1048 1977 1170 1683 1086 1543 1467 1137 1704 BCNSPRNW ULIB Ver.6.0+V

เปลี่ยนเป็นภาษาไทย

Change to English
 แสดงรายละเอียดบรรณานุกรม
  กลับหน้าหลัก

Brief Record : Get Marc (ISO 2709) : E-mail record : QR code < ปิดหน้าต่าง
LEADER : 00000nam 2200000uu 4500
001    13399123227
003     ULIB
008    020711s2553 th a 000 0 tha d
050 14 LB1027^bส111ค
110    กระทรวงการท่องเที่ยวและกีฬา.^bกรมพลศึกษา.^bสถาบันพัฒนาบุคลากรการพลศึกษาและการกีฬา.
245    คู่มือผู้ตัดสินกีฬาวอลเลย์บอลชายหาด/^cสถาบันพัฒนาบุคลากรการพลศึกษาและการกีฬา
260    กรุงเทพฯ :^bโรงพิมพ์สหกรณ์การเกษตรแห่งประเทศไทย,^c2553
300    133 หน้า;^b26 ซม.
650    วอลเลย์บอลชายหาด
945    ^p0^l0^i20358
999    ^aทศพร เกษรทอง
รายการนี้ยังไม่มีแท็ก
คุณยังไม่ได้ล็อกอิน คุณสามารถมีกิจกรรมร่วมกับเว็บไซต์ได้ แต่ต้องล็อกอินก่อน ::
  ล็อกอิน

รายการสื่อสารสนเทศ

ลำดับที่ ประเภท เลขเรียก/บาร์โค้ด สถานที่ สถานะ
1. การศึกษาทั่วไป
การศึกษาทั่วไป
LB1027 ส111ค ฉ.1 
  Barcode: 20358
ห้องสมุดวิทยาเขตนครสวรรค์
►หนังสือทั่วไป:l:General Books
บนชั้น
Note:อภินันทนาการ

รายการใกล้เคียง
    หัวเรื่อง [วอลเลย์บอลชายหาด]

BibComment


ยังไม่เคยถูกคอมเมนท์

คอมเมนท์ทรัพยากรรายการนี้
  คอมเมนท์: คู่มือผู้ตัดสินกี..


 Copyright 2026. Bcnsprnw @Library